Documento firmado en 1856 (Record no. 5163)
[ view plain ]
| 000 -CABECERA | |
|---|---|
| campo de control de longitud fija | 01164nam a2200277 a 4500 |
| 001 - NÚMERO DE CONTROL | |
| campo de control | BRCA_5469 |
| 005 - FECHA Y HORA DE LA ÚLTIMA TRANSACCIÓN | |
| campo de control | 20190320205106.0 |
| 008 - DATOS DE LONGITUD FIJA--INFORMACIÓN GENERAL | |
| campo de control de longitud fija | 040111s1856----au-####f##---#000-0#ger-# |
| 041 ## - CÓDIGO DE LENGUA | |
| Código de lengua del texto/banda sonora o título independiente | ger |
| 044 ## - CÓDIGO DEL PAÍS DE LA ENTIDAD EDITORA/PRODUCTORA | |
| Código MARC del país | au |
| 084 ## - OTRO NÚMERO DE CLASIFICACIÓN | |
| Número de clasificación | DOC114 |
| Número de documento/Ítem | .H37 |
| -- | 1856 |
| 100 1# - ENTRADA PRINCIPAL--NOMBRE DE PERSONA | |
| Nombre de persona | Habsburgo-Lorena, Fernando Maximiliano José de |
| Títulos y otros términos asociados al nombre | Emperador |
| Fechas asociadas al nombre | 1832-1867 |
| 9 (RLIN) | 13974 |
| 245 10 - MENCIÓN DE TÍTULO | |
| Título | Documento firmado en 1856 |
| Mención de responsabilidad, etc. | Maximiliano emperador de México. |
| 260 ## - PUBLICACIÓN, DISTRIBUCIÓN, ETC. | |
| Lugar de publicación, distribución, etc. | Austria |
| Fecha de publicación, distribución, etc. | 1856 |
| 300 ## - DESCRIPCIÓN FÍSICA | |
| Extensión | [3] fojas |
| Dimensiones | 35 x 21 cm |
| 500 ## - NOTA GENERAL | |
| Nota general | Carta de Maximiliano Emperador de México |
| 500 ## - NOTA GENERAL | |
| Nota general | Contiene la leyenda: Maximiliam, Kaiser Von Mexiko (1832-1867). Brief m. U. Folio 3 S. Venedi 6. 12. 1856. |
| 500 ## - NOTA GENERAL | |
| Nota general | Contiene la leyenda DOC. #278 |
| 500 ## - NOTA GENERAL | |
| Nota general | Estado de conservación: contiene roturas, dobleces y anotaciones con tinta roja |
| 506 0# - NOTA DE RESTRICCIONES AL ACCESO | |
| Limitaciones de acceso | Fondo reservado: para su consulta es necesario credencial de usuario y carta de motivos |
| 546 ## - NOTA DE LENGUA/LENGUAJE | |
| Nota de lengua/lenguaje | Texto en: alemán |
| 600 14 - PUNTO DE ACCESO ADICIONAL DE MATERIA--NOMBRE DE PERSONA | |
| Nombre de persona | Habsburgo-Lorena, Fernando Maximiliano José de |
| Títulos y otros términos asociados al nombre | Emperador |
| Fechas asociadas al nombre | 1832-1867 |
| 9 (RLIN) | 13974 |
| 651 #4 - PUNTO DE ACCESO ADICIONAL DE MATERIA--NOMBRE GEOGRÁFICO | |
| Nombre geográfico | México |
| Subdivisión de forma | Manuscrito |
| Subdivisión general | Historia |
| Subdivisión cronológica | Intervención y segundo imperio, 1861-1867 |
| 9 (RLIN) | 13975 |
| 902 ## - CATALOGADOR | |
| Iniciales | FDH |
| 942 ## - ELEMENTOS DE PUNTO DE ACCESO ADICIONAL (KOHA) | |
| Fuente del sistema de clasificación o colocación | Library of Congress Classification |
| Tipo de ítem Koha | Libros |
| Estado de retiro | Estado de pérdida | Estado dañado | No para préstamo | Localización permanente | Ubicación/localización actual | Fecha de adquisición | Total de préstamos | Signatura topográfica completa | Código de barras | Fecha visto por última vez | Precio válido a partir de | Tipo de ítem Koha |
|---|---|---|---|---|---|---|---|---|---|---|---|---|
| El ejemplar forma parte de la colección y puede ser consultado según las políticas vigentes. | Biblioteca del Museo Franz Mayer (Rogerio Casas-Alatriste) | Biblioteca del Museo Franz Mayer (Rogerio Casas-Alatriste) | 04/01/2011 | DOC114 .H37 1856 | 5904 | 22/03/2019 | 22/03/2019 | Libros |